000 00855nam a2200265Ia 4500
003 OSt
005 20220918171051.0
006 a|||||r|||| 00| 0
007 ta
008 220917b |||||||| |||| 00| 0 eng d
020 _a9781138579811 (hbk)
_cUKP 115.00
024 _a348,360
037 _b1633, 08/02/2019, Bright Book Service
_cTextual
040 _aARTS
_cARTS
_beng
041 _2eng
_aeng
082 _aNRv, Q8
100 _aBardelmann Claire Au.
_933792
245 0 _aEros and music in early modern culture and literature
260 _aNew York
_bRoutledge USA
_c2018
300 _aix,265p.
_ccm.
490 _aRoutledge and music in early modern culture and literature
650 _aMUSIC
_917402
942 _hNRv, Q8
_cTEXL
_2CC
999 _c137678
_d137678